Framework action plan for foodgrain production : report (Record no. 499367)

000 -LEADER
fixed length control field 00376cam a22001097a 4500
008 - FIXED-LENGTH DATA ELEMENTS--GENERAL INFORMATION
fixed length control field 180718b1988 xxu||||| |||| 00| 0 eng d
082 ## - DEWEY DECIMAL CLASSIFICATION NUMBER
Classification number Zx54 In2ta
245 ## - TITLE STATEMENT
Title Framework action plan for foodgrain production : report
Statement of responsibility, etc. by Planning Commission, India
260 ## - PUBLICATION, DISTRIBUTION, ETC.
Place of publication, distribution, etc. Faridabad
Name of publisher, distributor, etc. The Manager, Government of India Press
Date of publication, distribution, etc. 1988
300 ## - PHYSICAL DESCRIPTION
Extent 48+p.
700 ## - ADDED ENTRY--PERSONAL NAME
Personal name India. Planning Commission
Holdings
Withdrawn status Lost status Damaged status Not for loan Permanent Location Current Location Date acquired Full call number Barcode Date last seen Price effective from Koha item type
        Indian Institute of Public Administration Indian Institute of Public Administration 2018-08-04 Zx54 In2ta GG20781 2018-08-04 2018-08-04 GG

Powered by Koha